Science Quiz

Random Science or Chemistry Quiz

Elemental Presidents & Prime Ministers Quiz Stats

Quiz Updated Jan 9, 2018

Challenge
Share
Tweet
Embed
Score 0/11 Timer 03:00
2 Plays Today
Position President/PM % Correct
US PresidentsB-U-S-H
96.2%
US PresidentsHo-O-V-Er
92.1%
US PresidentsP-I-Er-Ce
87.1%
UK Prime MinistersTh-At-C-H-Er
86.6%
UK Prime MinistersB-La-Ir
84.8%
UK Prime MinistersC-Am-Er-O-N
82.3%
UK Prime MinistersC-H-Am-B-Er-La-In
81.1%
UK Prime MinistersHe-At-H
80.3%
UK Prime MinistersBr-O-W-N
76.5%
UK Prime MinistersP-Er-Ce-V-Al
73%
UK Prime MinistersB-O-N-Ar-La-W
64.1%

You're not logged in!

Compare scores with friends on all Sporcle quizzes.
Sign Up with Email
OR
Log In

You Might Also Like...

Show Comments

Extras

Top Quizzes Today


Score Distribution

Your Account Isn't Verified!

In order to create a playlist on Sporcle, you need to verify the email address you used during registration. Go to your Sporcle Settings to finish the process.

Report this User

Report this user for behavior that violates our Community Guidelines.

Details: